• 首页
  • 本馆介绍
  • 公告通知
  • 最新文献
  • 馆藏检索
  • 电子资源
  • 读者导购
  • 参考咨询
  • 我的图书馆
  • 登录
  • 详细信息显示
  • 放入我的书架
  • 预约/预借图书
  • 作者相关作品
  • 分类相关作品
  • 丛书相关作品
  • 出版社相关作品

书目信息

  • 表格格式
  • 工作单格式
  • 卡片格式
题名:
钨钼丝加工原理
    
 
作者: 张胜华 , 白淑文 编
分册:  
出版信息: 北京   轻工业出版社  1983
页数: 496页
开本: 19cm
丛书名:
单 册:
中图分类: TG356
科图分类:
主题词: 金属丝-有色金属 , 有色金属-金属丝
电子资源:
ISBN:
000 00669nam0 2200253 45
001 0183000388
005 20060814094306.67
010    @dCNY2.15
091    @a15042.1771
100    @a19950703d1983 emky0chiy0121 ea
101 0  @achi
102    @aCN@b110000
105    @ay z 000yy
200 10 @a钨钼丝加工原理@Awu mu si jia gong yuan li@f白淑文,张胜华编
210    @a北京@c轻工业出版社@d1983
215    @a496页@d19cm
606    @a金属丝-有色金属
606    @a有色金属-金属丝
690    @aTG356@v3
701  0 @a张胜华@Azhang sheng hua@4编
701  0 @a白淑文@Abai shu wen@4编
801  2 @aCN@bNLC@c20060814
801  0 @aCN@bTSSF
905    @a10447@dTG356@e8
    
    钨钼丝加工原理/白淑文,张胜华编.-北京:轻工业出版社,1983
    496页;19cm
    
    
    ISBN :CNY2.15
    
●
相关链接 在E读中查询图书 在五车中查询图书 在当当中查询图书 在豆瓣中查询图书


正题名:钨钼丝加工原理     索取号:TG356/8         预约/预借

序号 登录号 条形码 馆藏地/架位号 状态 备注
1 0458036   204580364   密集书库/ [索取号:TG356/8] 在馆    
唐山师范学院图书馆 欢迎您!
大连网信软件有限公司© 版权所有